000
00335 a2200157 4500
001
56844
020
_a
8532259308
040
_c
Anchieta - Pituba
100
_a
Galdino, Luiz
240
1
0
_a
Teseu e o Minotauro
_l
por
245
1
0
_a
Teseu e o Minotauro
300
_a
63
362
0
_a
2006
650
4
_a
Literatura juvenil
942
_c
BK
999
_c
56844
_d
56844